000 01190nam0a2200325 4500
001 RU\NLR\bibl\8068
005 20260409070309.0
010 _a5-7856-0016-1
_95000
021 _aRU
_b98-9380
_9441
035 _a(NLR Aleph) 000007877
090 _a24710
_c24710
100 _a19981119d1998 |||y0rusy50 ca
101 0 _arus
102 _aRU
105 _a|||||||||||||
200 1 _aСправочник рыболова и охотника
_fА.В. Яскин
_gИнформ.-внедрен. центр "Маркетинг"
210 _aМ.
_cВИНИТИ
_d1998
215 _a85 с.
_cил.
_d20
300 _aНа обл. авт. не указан
320 _aБиблиогр.: с. 84-85
606 0 _aРыболовство
_jСправочники
_9937882
_3RU\NLR\auth\6627851
606 _aОхота
_jСправочники
_3RU\NLR\auth\66214049
_91287349
686 _aП7я2
700 1 _4070
_8rus
_7ca
_aЯскин
_bА. В.
_gАлександр Владимирович
_3RU\NLR\auth\778337
_9118247
801 0 _aRU
_bNLR
_c19981119
_gPSBO
801 1 _aRU
_bNLR
_c19981119
830 _aАвт. раскрыт по кн.
852 _aNLR
_j98-4/2014
942 _cBOOK
980 _aNB